000 00988nam0a22002411i 4500
001 rc\786318
005 20240726040421.0
035 _a(NLR Aleph) 006311861
090 _a7360214
_c7360214
100 _a20040301d1983 u |0rusy50 ca
101 0 _arus
102 _aRU
105 _ay |||||||||
200 1 _aНарушение газообмена и гемодинамики в легких при ожоговом шоке и токсемии
_e(Клинико-эксперим. исслед.)
_eАвтореф. дис. на соиск. учен. степ. канд. мед. наук
_e(14.00.27)
210 _aЛ.
_d1983
215 _a15 с.
300 _aВ надзаг.: Ленингр. гос. ин-т усоверш. врачей им. С.М. Кирова
320 _aБиблиогр.: с. 15 (6 назв.)
700 1 _aГур-Арье
_bБ.Н.
_gБорис Наумович
801 0 _aRU
_bNLR
_gpsbo
801 1 _aRU
_bELAR
_2rusmarc
852 _aNLR
_j85-6/6779
942 _cBOOK